Statistiken für Hauptstädte Afrikas

Klicken Sie hier um das Quiz zu spielen!

Allgemein

  • Dieses Quiz wurde 595 mal gespielt
  • Das Durchschnittsergebnis liegt bei 36 aus 54

Antwortstatistiken

HintAntwort% Korrekt
ÄgyptenKairo
99%
AlgerienAlgier
98%
ÄthiopienAddis Abeba
87%
DschibutiDschibuti
87%
KeniaNairobi
86%
SüdafrikaPretoria, Kapstadt, oder Bloemfontein
86%
MarokkoRabat
85%
TunesienTunis
85%
AngolaLuanda
84%
Guinea-BissauBissau
79%
SenegalDakar
78%
LibyenTripolis
78%
GhanaAccra
77%
Sao Tomé und PríncipeSao Tomé
76%
Sierra LeoneFreetown
75%
Kongo (Dem Rep)Kinshasa
74%
Kongo (Rep)Brazzaville
73%
NamibiaWindhoek
73%
SomaliaMogadischu
71%
GabunLibreville
70%
MadagaskarAntananarivo
69%
NigeriaAbuja
67%
SudanKhartum
67%
LiberiaMonrovia
67%
MosambikMaputo
66%
BeninPorto-Novo oder Cotonou
66%
EritreaAsmara
65%
TogoLomé
65%
SimbabweHarare
64%
RuandaKigali
64%
SeychellenVictoria
64%
MaliBamako
63%
SüdsudanJuba
63%
GambiaBanjul
62%
UgandaKampala
62%
MalawiLilongwe
61%
SambiaLusaka
61%
NigerNiamey
61%
Kap VerdePraia
61%
TansaniaDodoma
59%
Äquatorial-GuineaMalabo
59%
Burkina FasoOuagadougou
59%
BotswanaGaborone
58%
MauritiusPort Louis
58%
GuineaConakry
57%
KamerunJaunde
56%
SwasilandMbabane
56%
KomorenMoroni
56%
LesothoMaseru
55%
Zentralafrikanische RepublikBangui
52%
TschadN'Djamena
52%
ElfenbeinküsteYamoussoukro
48%
MauretanienNouakchott
46%
BurundiBujumbura
34%

Verteilung der Resultate

Perzentil nach korrekt beantworteten Fragen

Anzahl Personen mit jedem Resultat

Ihre Resultats-Entwicklung

Sie haben dieses Quiz noch nicht gespielt